000 00677nam a2200205Ia 4500
001 12829
003 GE_BSU
008 181216s||||||||xx |||||||||||||| ||und||
040 _cGE_BSU
080 _a631.6(075.32)
100 _aРозин,В.А.
245 _aМелиорация с основами сельскохозяиственного водоснабжения
245 _cРед.М.А.Златкин
260 _aМосква
260 _bСельхозгиз
260 _c1954
300 _a344стр.илл.20см.
653 _aМелиорация с основами сельскохозяиственного водоснабжения
942 _cBK
999 _c46000
_d46000